La gobernanza hoy (Registro nro. 161804)
[ vista simple ]
| 000 -LEADER | |
|---|---|
| fixed length control field | 01390nam a2200277 i 4500 |
| 007 - PHYSICAL DESCRIPTION FIXED FIELD--GENERAL INFORMATION | |
| fixed length control field | cr|||| |||| |
| 008 - FIXED-LENGTH DATA ELEMENTS--GENERAL INFORMATION | |
| fixed length control field | 060208s2005 sp 000 0 spa d |
| 020 ## - INTERNATIONAL STANDARD BOOK NUMBER | |
| International Standard Book Number | 8473512391 |
| 035 ## - | |
| -- | 6617 |
| 040 ## - CATALOGING SOURCE | |
| Original cataloging agency | BUS |
| Modifying agency | vLex |
| 090 ## - | |
| -- | 3413 |
| -- | 3413 |
| 245 03 - TITLE STATEMENT | |
| Title | La gobernanza hoy |
| Medium | [Recurso electrónico] : |
| Remainder of title | 10 textos de referencia / |
| Statement of responsibility, etc | coordinación y traducción a cargo de Agustí Cerrillo i Martínez. |
| 256 ## - | |
| -- | Servicio en línea |
| 260 ## - PUBLICATION, DISTRIBUTION, ETC. (IMPRINT) | |
| Place of publication, distribution, etc | Madrid : |
| Name of publisher, distributor, etc | Instituto Nacional de Administración Pública, |
| Date of publication, distribution, etc | 2006. |
| 300 ## - PHYSICAL DESCRIPTION | |
| Extent | 1 recurso electrónico |
| 490 1# - SERIES STATEMENT | |
| Series statement | Estudios goberna /Instituto Nacional de Administración Pública (España) |
| 506 1# - RESTRICTIONS ON ACCESS NOTE | |
| Terms governing access | Contenido solo disponible ne los productos indicados |
| Authorized users | vLex Global |
| -- | vLex Global (Academic Edition, excluding Law Schools) |
| -- | vLex Global (U.S. Academic Edition, Law Schools) |
| -- | vLex Global (U.S. Academic Edition, excluding Law Schools) |
| -- | vLex Global (Academic Edition, Law Schools) |
| 650 04 - SUBJECT ADDED ENTRY--TOPICAL TERM | |
| Topical term or geographic name as entry element | Planificación política. |
| 700 1# - ADDED ENTRY--PERSONAL NAME | |
| Personal name | Cerrillo i Martínez, Agustí, |
| Relator term | ed. lit. |
| 710 2# - ADDED ENTRY--CORPORATE NAME | |
| Corporate name or jurisdiction name as entry element | Instituto Nacional de Administración Pública (España) |
| 740 0# - | |
| -- | vLex Libros (Servicio en línea) |
| 810 2# - | |
| -- | Instituto Nacional de Administración Pública (España). |
| -- | Estudios goberna. |
| 856 40 - LOCALIZACIÓN Y ACCESO ELECTRÓNICO | |
| Identificador Uniforme del Recurso (URI/URL) | https://app.vlex.com/#/sources/gobernanza-hoy-10-textos-referencia-6617 |
| 942 ## - | |
| -- | RAA |
| 999 ## - | |
| -- | 161804 |
| -- | 161804 |
No hay ítems disponibles.